Historia de la pintura francesa

Zapisane w:
Opis bibliograficzny
1. autor: Francastel, Pierre (Autor)
Format: Książka
Język:hiszpański
Wydane: Madrid Alianza 1970
Seria:El Libro de Bolsillo, 238
Hasła przedmiotowe:
Etykiety: Dodaj etykietę
Nie ma etykietki, Dołącz pierwszą etykiete!

MARC

LEADER 00000nam a2200000 a 4500
001 UCP8688
003 CL-VaPUC
008 000310e19700000SP |||||||||||||||||spa|d
082 0 4 |a 759.4  |b FRA  |2 21 
100 0 |a Francastel, Pierre  |e author  |9 438813 
245 1 0 |a Historia de la pintura francesa 
300 |a 541 p 
942 |c BK 
945 |d 20000310 00:00:00  |a crobeson 
260 |a Madrid  |b Alianza  |c 1970 
650 0 |a Pintores franceses   |9 340354 
650 7 |a PINTURA HISTORIA  |2 CL-VaPUC  |9 265594 
650 0 |a Edad media  |9 258041 
650 0 |a Renacimiento  |9 255107 
650 7 |a ROMANTICISMO EN LA PINTURA  |2 CL-VaPUC  |9 438814 
650 0 |a Realismo en el arte  |9 268242 
650 7 |a ECLECTICISMO  |2 CL-VaPUC  |9 348248 
650 7 |a IMPRESIONISMO  |2 CL-VaPUC  |9 324638 
650 0 |a Cubismo  |9 265275 
650 7 |a FAUVISMO  |2 CL-VaPUC  |9 266165 
583 |a last modification  |c 20000310 00:00:00  |k Rodrigo Vera 
490 0 |a El Libro de Bolsillo, 238 
999 |c 285579  |d 285577 
952 |0 0  |1 0  |4 0  |6 759_400000000000000_FRA_1970  |7 0  |8 A  |9 330288  |a BIBHIS  |b BIBHIS  |d 2019-11-20  |i 1391151  |o 759.4 FRA 1970  |p 1391151  |r 2025-01-20  |w 2019-11-20  |y BK  |k HIS 
952 |0 0  |1 0  |4 0  |6 759_400000000000000_FRA_1970  |7 0  |8 A  |9 330289  |a BIBART  |b BIBART  |d 2019-11-20  |i 4018893  |o 759.4 FRA 1970  |p 4018893  |r 2025-03-13  |w 2019-11-20  |y BK  |k ART